<?xml version="1.0" encoding="UTF-8"?>
<collection xmlns="http://www.loc.gov/MARC21/slim">
 <record>
  <leader>07911nas a22008891  4500</leader>
  <controlfield tag="001">1/50238</controlfield>
  <controlfield tag="008">020404c19699999enkqrzp       0   a0eng d</controlfield>
  <datafield tag="022" ind1=" " ind2=" ">
   <subfield code="a">0001-8678</subfield>
  </datafield>
  <datafield tag="035" ind1=" " ind2=" ">
   <subfield code="l">23410</subfield>
  </datafield>
  <datafield tag="040" ind1=" " ind2=" ">
   <subfield code="a">DLC</subfield>
   <subfield code="b">GR-PeUP</subfield>
  </datafield>
  <datafield tag="090" ind1=" " ind2=" ">
   <subfield code="a">Αλφαβητική σειρά</subfield>
  </datafield>
  <datafield tag="245" ind1="0" ind2="0">
   <subfield code="a">Advances in applied probability.</subfield>
  </datafield>
  <datafield tag="260" ind1=" " ind2=" ">
   <subfield code="a">[Sheffield, Eng.] :</subfield>
   <subfield code="b">Applied Probability Trust ,</subfield>
   <subfield code="c">1969-</subfield>
  </datafield>
  <datafield tag="300" ind1=" " ind2=" ">
   <subfield code="a">v. ;</subfield>
   <subfield code="c">24 cm.</subfield>
  </datafield>
  <datafield tag="310" ind1=" " ind2=" ">
   <subfield code="a">Quarterly.</subfield>
  </datafield>
  <datafield tag="321" ind1=" " ind2=" ">
   <subfield code="a">Semiannual,</subfield>
   <subfield code="b">1969-71.</subfield>
  </datafield>
  <datafield tag="362" ind1="0" ind2=" ">
   <subfield code="a">Vol.34, no.1(March 2002)-v.</subfield>
  </datafield>
  <datafield tag="650" ind1=" " ind2="4">
   <subfield code="a">Probabilities</subfield>
   <subfield code="v">Periodicals.</subfield>
  </datafield>
  <datafield tag="650" ind1=" " ind2="4">
   <subfield code="a">Mathematics</subfield>
   <subfield code="v">Periodicals.</subfield>
  </datafield>
  <datafield tag="650" ind1=" " ind2="4">
   <subfield code="a">Probability</subfield>
   <subfield code="v">Periodicals.</subfield>
  </datafield>
  <datafield tag="650" ind1=" " ind2="4">
   <subfield code="a">Statistics</subfield>
   <subfield code="v">Periodicals.</subfield>
  </datafield>
  <datafield tag="710" ind1="2" ind2=" ">
   <subfield code="a">Applied Probability Trust.</subfield>
  </datafield>
  <datafield tag="852" ind1=" " ind2=" ">
   <subfield code="a">INST</subfield>
   <subfield code="b">UNIPILB</subfield>
   <subfield code="c">SERIALS</subfield>
   <subfield code="e">20041005</subfield>
   <subfield code="h">Αλφαβητική σειρά</subfield>
   <subfield code="p">36962</subfield>
   <subfield code="q">36962</subfield>
   <subfield code="t">NOLOAN</subfield>
   <subfield code="v">vol.35;no.1:(Μήνας)March;(Έτος)2003</subfield>
   <subfield code="y">23</subfield>
  </datafield>
  <datafield tag="852" ind1=" " ind2=" ">
   <subfield code="a">INST</subfield>
   <subfield code="b">UNIPILB</subfield>
   <subfield code="c">SERIALS</subfield>
   <subfield code="e">20041005</subfield>
   <subfield code="h">Αλφαβητική σειρά</subfield>
   <subfield code="p">36963</subfield>
   <subfield code="q">36963</subfield>
   <subfield code="t">NOLOAN</subfield>
   <subfield code="v">vol.35;no.2:(Μήνας)June;(Έτος)2003</subfield>
   <subfield code="y">23</subfield>
  </datafield>
  <datafield tag="852" ind1=" " ind2=" ">
   <subfield code="a">INST</subfield>
   <subfield code="b">UNIPILB</subfield>
   <subfield code="c">SERIALS</subfield>
   <subfield code="e">20041005</subfield>
   <subfield code="h">Αλφαβητική σειρά</subfield>
   <subfield code="p">36964</subfield>
   <subfield code="q">36964</subfield>
   <subfield code="t">NOLOAN</subfield>
   <subfield code="v">vol.35;no.3:(Μήνας)September;(Έτος)2003</subfield>
   <subfield code="y">23</subfield>
  </datafield>
  <datafield tag="852" ind1=" " ind2=" ">
   <subfield code="a">INST</subfield>
   <subfield code="b">UNIPILB</subfield>
   <subfield code="c">SERIALS</subfield>
   <subfield code="e">20041005</subfield>
   <subfield code="h">Αλφαβητική σειρά</subfield>
   <subfield code="p">36965</subfield>
   <subfield code="q">36965</subfield>
   <subfield code="t">NOLOAN</subfield>
   <subfield code="v">vol.35;no.4:(Μήνας)December;(Έτος)2003</subfield>
   <subfield code="y">23</subfield>
  </datafield>
  <datafield tag="852" ind1=" " ind2=" ">
   <subfield code="a">INST</subfield>
   <subfield code="b">UNIPILB</subfield>
   <subfield code="c">SERIALS</subfield>
   <subfield code="e">20041221</subfield>
   <subfield code="h">Αλφαβητική σειρά</subfield>
   <subfield code="p">36966</subfield>
   <subfield code="q">36966</subfield>
   <subfield code="t">NOLOAN</subfield>
   <subfield code="v">vol.36;no.1:(Μήνας)March;(Έτος)2004</subfield>
   <subfield code="y">23</subfield>
  </datafield>
  <datafield tag="852" ind1=" " ind2=" ">
   <subfield code="a">INST</subfield>
   <subfield code="b">UNIPILB</subfield>
   <subfield code="c">SERIALS</subfield>
   <subfield code="e">20041221</subfield>
   <subfield code="h">Αλφαβητική σειρά</subfield>
   <subfield code="p">36967</subfield>
   <subfield code="q">36967</subfield>
   <subfield code="t">NOLOAN</subfield>
   <subfield code="v">vol.36;no.2:(Μήνας)June;(Έτος)2004</subfield>
   <subfield code="y">23</subfield>
  </datafield>
  <datafield tag="852" ind1=" " ind2=" ">
   <subfield code="a">INST</subfield>
   <subfield code="b">UNIPILB</subfield>
   <subfield code="c">SERIALS</subfield>
   <subfield code="e">20041221</subfield>
   <subfield code="h">Αλφαβητική σειρά</subfield>
   <subfield code="p">36968</subfield>
   <subfield code="q">36968</subfield>
   <subfield code="t">NOLOAN</subfield>
   <subfield code="v">vol.36;no.3:(Μήνας)September;(Έτος)2004</subfield>
   <subfield code="y">23</subfield>
  </datafield>
  <datafield tag="852" ind1=" " ind2=" ">
   <subfield code="a">INST</subfield>
   <subfield code="b">UNIPILB</subfield>
   <subfield code="c">SERIALS</subfield>
   <subfield code="e">20050301</subfield>
   <subfield code="h">Αλφαβητική σειρά</subfield>
   <subfield code="p">40720</subfield>
   <subfield code="q">40720</subfield>
   <subfield code="t">NOLOAN</subfield>
   <subfield code="v">vol.36;no.4:(Μήνας)December;(Έτος)2004</subfield>
   <subfield code="y">23</subfield>
  </datafield>
  <datafield tag="852" ind1=" " ind2=" ">
   <subfield code="a">INST</subfield>
   <subfield code="b">UNIPILB</subfield>
   <subfield code="c">SERIALS</subfield>
   <subfield code="e">20060912</subfield>
   <subfield code="h">Αλφαβητική σειρά</subfield>
   <subfield code="p">52650</subfield>
   <subfield code="q">52650</subfield>
   <subfield code="t">NOLOAN</subfield>
   <subfield code="v">vol.37;no.1:(Μήνας)March;(Έτος)2005</subfield>
   <subfield code="y">23</subfield>
  </datafield>
  <datafield tag="852" ind1=" " ind2=" ">
   <subfield code="a">INST</subfield>
   <subfield code="b">UNIPILB</subfield>
   <subfield code="c">SERIALS</subfield>
   <subfield code="e">20071105</subfield>
   <subfield code="h">Αλφαβητική σειρά</subfield>
   <subfield code="p">58164</subfield>
   <subfield code="q">58164</subfield>
   <subfield code="t">NOLOAN</subfield>
   <subfield code="v">vol.38;no.1:(Μήνας)March;(Έτος)2006</subfield>
   <subfield code="y">23</subfield>
  </datafield>
  <datafield tag="852" ind1=" " ind2=" ">
   <subfield code="a">INST</subfield>
   <subfield code="b">UNIPILB</subfield>
   <subfield code="c">SERIALS</subfield>
   <subfield code="e">20071105</subfield>
   <subfield code="h">Αλφαβητική σειρά</subfield>
   <subfield code="p">58165</subfield>
   <subfield code="q">58165</subfield>
   <subfield code="t">NOLOAN</subfield>
   <subfield code="v">vol.38;no.2:(Μήνας)June;(Έτος)2006</subfield>
   <subfield code="y">23</subfield>
  </datafield>
  <datafield tag="852" ind1=" " ind2=" ">
   <subfield code="a">INST</subfield>
   <subfield code="b">UNIPILB</subfield>
   <subfield code="c">SERIALS</subfield>
   <subfield code="e">20071105</subfield>
   <subfield code="h">Αλφαβητική σειρά</subfield>
   <subfield code="p">58166</subfield>
   <subfield code="q">58166</subfield>
   <subfield code="t">NOLOAN</subfield>
   <subfield code="v">vol.38;no.3:(Μήνας)September;(Έτος)2006</subfield>
   <subfield code="y">23</subfield>
  </datafield>
  <datafield tag="852" ind1=" " ind2=" ">
   <subfield code="a">INST</subfield>
   <subfield code="b">UNIPILB</subfield>
   <subfield code="c">SERIALS</subfield>
   <subfield code="e">20071105</subfield>
   <subfield code="h">Αλφαβητική σειρά</subfield>
   <subfield code="p">58167</subfield>
   <subfield code="q">58167</subfield>
   <subfield code="t">NOLOAN</subfield>
   <subfield code="v">vol.38;no.4:(Μήνας)December;(Έτος)2006</subfield>
   <subfield code="y">23</subfield>
  </datafield>
  <datafield tag="852" ind1=" " ind2=" ">
   <subfield code="a">INST</subfield>
   <subfield code="b">UNIPILB</subfield>
   <subfield code="c">SERIALS</subfield>
   <subfield code="e">20071129</subfield>
   <subfield code="h">Αλφαβητική σειρά</subfield>
   <subfield code="p">58617</subfield>
   <subfield code="q">58617</subfield>
   <subfield code="t">NOLOAN</subfield>
   <subfield code="v">vol.39;no.1:(Μήνας)March;(Έτος)2007</subfield>
   <subfield code="y">23</subfield>
  </datafield>
  <datafield tag="852" ind1=" " ind2=" ">
   <subfield code="a">INST</subfield>
   <subfield code="b">UNIPILB</subfield>
   <subfield code="c">SERIALS</subfield>
   <subfield code="e">20071129</subfield>
   <subfield code="h">Αλφαβητική σειρά</subfield>
   <subfield code="p">58618</subfield>
   <subfield code="q">58618</subfield>
   <subfield code="t">NOLOAN</subfield>
   <subfield code="v">vol.39;no.2:(Μήνας)June;(Έτος)2007</subfield>
   <subfield code="y">23</subfield>
  </datafield>
  <datafield tag="852" ind1=" " ind2=" ">
   <subfield code="a">INST</subfield>
   <subfield code="b">UNIPILB</subfield>
   <subfield code="c">SERIALS</subfield>
   <subfield code="e">20071129</subfield>
   <subfield code="h">Αλφαβητική σειρά</subfield>
   <subfield code="p">58619</subfield>
   <subfield code="q">58619</subfield>
   <subfield code="t">NOLOAN</subfield>
   <subfield code="v">vol.39;no.3:(Μήνας)September;(Έτος)2007</subfield>
   <subfield code="y">23</subfield>
  </datafield>
  <datafield tag="852" ind1=" " ind2=" ">
   <subfield code="a">INST</subfield>
   <subfield code="b">UNIPILB</subfield>
   <subfield code="c">SERIALS</subfield>
   <subfield code="e">20080228</subfield>
   <subfield code="h">Αλφαβητική σειρά</subfield>
   <subfield code="p">59928</subfield>
   <subfield code="q">59928</subfield>
   <subfield code="t">NOLOAN</subfield>
   <subfield code="v">vol.39;no.4:(Μήνας)December;(Έτος)2007</subfield>
   <subfield code="y">23</subfield>
  </datafield>
  <datafield tag="852" ind1=" " ind2=" ">
   <subfield code="a">INST</subfield>
   <subfield code="b">UNIPILB</subfield>
   <subfield code="c">SERIALS</subfield>
   <subfield code="e">20091211</subfield>
   <subfield code="h">Αλφαβητική σειρά</subfield>
   <subfield code="p">65826</subfield>
   <subfield code="q">65826</subfield>
   <subfield code="t">NOLOAN</subfield>
   <subfield code="v">vol.41;no.3:(Μήνας)September;(Έτος)2009</subfield>
   <subfield code="y">23</subfield>
  </datafield>
  <datafield tag="852" ind1=" " ind2=" ">
   <subfield code="a">INST</subfield>
   <subfield code="b">UNIPILB</subfield>
   <subfield code="c">SERIALS</subfield>
   <subfield code="e">20100310</subfield>
   <subfield code="h">Αλφαβητική σειρά</subfield>
   <subfield code="p">67343</subfield>
   <subfield code="q">67343</subfield>
   <subfield code="t">NOLOAN</subfield>
   <subfield code="v">vol.41;no.4:(Μήνας)December;(Έτος)2009</subfield>
   <subfield code="y">23</subfield>
  </datafield>
  <datafield tag="852" ind1=" " ind2=" ">
   <subfield code="a">INST</subfield>
   <subfield code="b">UNIPILB</subfield>
   <subfield code="c">SERIALS</subfield>
   <subfield code="e">20100706</subfield>
   <subfield code="h">Αλφαβητική σειρά</subfield>
   <subfield code="p">69388</subfield>
   <subfield code="q">69388</subfield>
   <subfield code="t">NOLOAN</subfield>
   <subfield code="v">vol.41;no.2:(Μήνας)June;(Έτος)2009</subfield>
   <subfield code="y">23</subfield>
  </datafield>
  <datafield tag="852" ind1=" " ind2=" ">
   <subfield code="a">INST</subfield>
   <subfield code="b">UNIPILB</subfield>
   <subfield code="c">SERIALS</subfield>
   <subfield code="e">20110209</subfield>
   <subfield code="h">Αλφαβητική σειρά</subfield>
   <subfield code="p">71101</subfield>
   <subfield code="q">71101</subfield>
   <subfield code="t">NOLOAN</subfield>
   <subfield code="v">vol.42;no.1:(Μήνας)March;(Έτος)2010</subfield>
   <subfield code="y">23</subfield>
  </datafield>
  <datafield tag="852" ind1=" " ind2=" ">
   <subfield code="a">INST</subfield>
   <subfield code="b">UNIPILB</subfield>
   <subfield code="c">SERIALS</subfield>
   <subfield code="e">20110209</subfield>
   <subfield code="h">Αλφαβητική σειρά</subfield>
   <subfield code="p">71102</subfield>
   <subfield code="q">71102</subfield>
   <subfield code="t">NOLOAN</subfield>
   <subfield code="v">vol.42;no.3:(Μήνας)September;(Έτος)2010</subfield>
   <subfield code="y">23</subfield>
  </datafield>
  <datafield tag="852" ind1=" " ind2=" ">
   <subfield code="a">INST</subfield>
   <subfield code="b">UNIPILB</subfield>
   <subfield code="c">SERIALS</subfield>
   <subfield code="e">20110304</subfield>
   <subfield code="h">Αλφαβητική σειρά</subfield>
   <subfield code="p">71267</subfield>
   <subfield code="q">71267</subfield>
   <subfield code="t">NOLOAN</subfield>
   <subfield code="v">vol.42;no.4:(Μήνας)December;(Έτος)2010</subfield>
   <subfield code="y">23</subfield>
  </datafield>
  <datafield tag="852" ind1=" " ind2=" ">
   <subfield code="a">INST</subfield>
   <subfield code="b">UNIPILB</subfield>
   <subfield code="c">SERIALS</subfield>
   <subfield code="e">20110722</subfield>
   <subfield code="h">Αλφαβητική σειρά</subfield>
   <subfield code="p">72408</subfield>
   <subfield code="q">72408</subfield>
   <subfield code="t">NOLOAN</subfield>
   <subfield code="v">vol.43;no.1:(Μήνας)March;(Έτος)2011</subfield>
   <subfield code="y">23</subfield>
  </datafield>
  <datafield tag="852" ind1=" " ind2=" ">
   <subfield code="a">INST</subfield>
   <subfield code="b">UNIPILB</subfield>
   <subfield code="c">SERIALS</subfield>
   <subfield code="e">20110830</subfield>
   <subfield code="h">Αλφαβητική σειρά</subfield>
   <subfield code="p">72609</subfield>
   <subfield code="q">72609</subfield>
   <subfield code="t">NOLOAN</subfield>
   <subfield code="v">vol.43;no.2:(Μήνας)June;(Έτος)2011</subfield>
   <subfield code="y">23</subfield>
  </datafield>
  <datafield tag="852" ind1=" " ind2=" ">
   <subfield code="a">INST</subfield>
   <subfield code="b">UNIPILB</subfield>
   <subfield code="c">SERIALS</subfield>
   <subfield code="e">20111025</subfield>
   <subfield code="h">Αλφαβητική σειρά</subfield>
   <subfield code="p">73092</subfield>
   <subfield code="q">73092</subfield>
   <subfield code="t">NOLOAN</subfield>
   <subfield code="v">vol.43;no.3:(Μήνας)September;(Έτος)2011</subfield>
   <subfield code="y">23</subfield>
  </datafield>
  <datafield tag="852" ind1=" " ind2=" ">
   <subfield code="a">INST</subfield>
   <subfield code="b">UNIPILB</subfield>
   <subfield code="c">SERIALS</subfield>
   <subfield code="e">20120208</subfield>
   <subfield code="h">Αλφαβητική σειρά</subfield>
   <subfield code="p">74382</subfield>
   <subfield code="q">74382</subfield>
   <subfield code="t">NOLOAN</subfield>
   <subfield code="v">vol.43;no.4:(Μήνας)December;(Έτος)2011</subfield>
   <subfield code="y">23</subfield>
  </datafield>
  <datafield tag="852" ind1=" " ind2=" ">
   <subfield code="a">INST</subfield>
   <subfield code="b">UNIPILB</subfield>
   <subfield code="c">SERIALS</subfield>
   <subfield code="e">20120305</subfield>
   <subfield code="h">Αλφαβητική σειρά</subfield>
   <subfield code="p">74823</subfield>
   <subfield code="q">74823</subfield>
   <subfield code="t">NOLOAN</subfield>
   <subfield code="v">vol.42;no.2:(Μήνας)June;(Έτος)2010</subfield>
   <subfield code="y">23</subfield>
  </datafield>
  <datafield tag="852" ind1=" " ind2=" ">
   <subfield code="a">INST</subfield>
   <subfield code="b">UNIPILB</subfield>
   <subfield code="c">SERIALS</subfield>
   <subfield code="e">20120518</subfield>
   <subfield code="h">Αλφαβητική σειρά</subfield>
   <subfield code="p">75479</subfield>
   <subfield code="q">75479</subfield>
   <subfield code="t">NOLOAN</subfield>
   <subfield code="v">vol.44;no.1:(Μήνας)March;(Έτος)2012</subfield>
   <subfield code="y">23</subfield>
  </datafield>
  <datafield tag="852" ind1=" " ind2=" ">
   <subfield code="a">INST</subfield>
   <subfield code="b">UNIPILB</subfield>
   <subfield code="c">SERIALS</subfield>
   <subfield code="e">20120724</subfield>
   <subfield code="h">Αλφαβητική σειρά</subfield>
   <subfield code="p">76142</subfield>
   <subfield code="q">76142</subfield>
   <subfield code="t">NOLOAN</subfield>
   <subfield code="v">vol.41;no.1:(Μήνας)March;(Έτος)2009</subfield>
   <subfield code="y">23</subfield>
  </datafield>
  <datafield tag="852" ind1=" " ind2=" ">
   <subfield code="a">INST</subfield>
   <subfield code="b">UNIPILB</subfield>
   <subfield code="c">SERIALS</subfield>
   <subfield code="e">20120730</subfield>
   <subfield code="h">Αλφαβητική σειρά</subfield>
   <subfield code="p">76234</subfield>
   <subfield code="q">76234</subfield>
   <subfield code="t">NOLOAN</subfield>
   <subfield code="v">vol.44;no.2:(Μήνας)June;(Έτος)2012</subfield>
   <subfield code="y">23</subfield>
  </datafield>
  <datafield tag="852" ind1=" " ind2=" ">
   <subfield code="a">INST</subfield>
   <subfield code="b">UNIPILB</subfield>
   <subfield code="c">SERIALS</subfield>
   <subfield code="e">20121119</subfield>
   <subfield code="h">Αλφαβητική σειρά</subfield>
   <subfield code="p">77106</subfield>
   <subfield code="q">77106</subfield>
   <subfield code="t">NOLOAN</subfield>
   <subfield code="v">vol.44;no.3:(Μήνας)September;(Έτος)2012</subfield>
   <subfield code="y">23</subfield>
  </datafield>
  <datafield tag="852" ind1=" " ind2=" ">
   <subfield code="a">INST</subfield>
   <subfield code="b">UNIPILB</subfield>
   <subfield code="c">SERIALS</subfield>
   <subfield code="e">20130225</subfield>
   <subfield code="h">Αλφαβητική σειρά</subfield>
   <subfield code="p">78172</subfield>
   <subfield code="q">78172</subfield>
   <subfield code="t">NOLOAN</subfield>
   <subfield code="v">vol.44;no.4:(Μήνας)December;(Έτος)2012</subfield>
   <subfield code="y">23</subfield>
  </datafield>
  <datafield tag="852" ind1=" " ind2=" ">
   <subfield code="a">INST</subfield>
   <subfield code="b">UNIPILB</subfield>
   <subfield code="c">SERIALS</subfield>
   <subfield code="e">20131105</subfield>
   <subfield code="h">Αλφαβητική σειρά</subfield>
   <subfield code="p">81234</subfield>
   <subfield code="q">81234</subfield>
   <subfield code="t">NOLOAN</subfield>
   <subfield code="v">vol.45;no.1:(Μήνας)March;(Έτος)2013</subfield>
   <subfield code="y">23</subfield>
  </datafield>
  <datafield tag="852" ind1=" " ind2=" ">
   <subfield code="a">INST</subfield>
   <subfield code="b">UNIPILB</subfield>
   <subfield code="c">SERIALS</subfield>
   <subfield code="e">20131105</subfield>
   <subfield code="h">Αλφαβητική σειρά</subfield>
   <subfield code="p">81235</subfield>
   <subfield code="q">81235</subfield>
   <subfield code="t">NOLOAN</subfield>
   <subfield code="v">vol.45;no.2:(Μήνας)June;(Έτος)2013</subfield>
   <subfield code="y">23</subfield>
  </datafield>
  <datafield tag="852" ind1=" " ind2=" ">
   <subfield code="a">INST</subfield>
   <subfield code="b">UNIPILB</subfield>
   <subfield code="c">SERIALS</subfield>
   <subfield code="e">20131105</subfield>
   <subfield code="h">Αλφαβητική σειρά</subfield>
   <subfield code="p">81236</subfield>
   <subfield code="q">81236</subfield>
   <subfield code="t">NOLOAN</subfield>
   <subfield code="v">vol.45;no.3:(Μήνας)September;(Έτος)2013</subfield>
   <subfield code="y">23</subfield>
  </datafield>
  <datafield tag="852" ind1=" " ind2=" ">
   <subfield code="a">INST</subfield>
   <subfield code="b">UNIPILB</subfield>
   <subfield code="c">SERIALS</subfield>
   <subfield code="e">20140307</subfield>
   <subfield code="h">Αλφαβητική σειρά</subfield>
   <subfield code="p">82282</subfield>
   <subfield code="q">82282</subfield>
   <subfield code="t">NOLOAN</subfield>
   <subfield code="v">vol.45;no.4:(Μήνας)December;(Έτος)2013</subfield>
   <subfield code="y">23</subfield>
  </datafield>
  <datafield tag="856" ind1="4" ind2="1">
   <subfield code="u">http://www.jstor.org/browse/00018678?frame=noframe&amp;userID=c3fbe32e@unipi.gr/01cc99339723d610793195757&amp;dpi=3&amp;config=jstor</subfield>
  </datafield>
  <datafield tag="900" ind1=" " ind2=" ">
   <subfield code="a">Vol. 46 no. 1 (March 2014)</subfield>
   <subfield code="b">Οφειλόμενο</subfield>
   <subfield code="c">13/06/2017</subfield>
  </datafield>
  <datafield tag="900" ind1=" " ind2=" ">
   <subfield code="a">Vol. 37 no. 2 (June 2005)</subfield>
   <subfield code="b">Οφειλόμενο</subfield>
   <subfield code="c">04/11/2007</subfield>
  </datafield>
  <datafield tag="900" ind1=" " ind2=" ">
   <subfield code="a">Vol. 37 no. 3 (September 2005)</subfield>
   <subfield code="b">Οφειλόμενο</subfield>
   <subfield code="c">04/11/2007</subfield>
  </datafield>
  <datafield tag="900" ind1=" " ind2=" ">
   <subfield code="a">Vol. 37 no. 4 (December 2005)</subfield>
   <subfield code="b">Οφειλόμενο</subfield>
   <subfield code="c">04/11/2007</subfield>
  </datafield>
  <datafield tag="900" ind1=" " ind2=" ">
   <subfield code="a">Vol. 40 no. 1 (March 2008)</subfield>
   <subfield code="b">Οφειλόμενο</subfield>
   <subfield code="c">03/03/2009</subfield>
  </datafield>
  <datafield tag="900" ind1=" " ind2=" ">
   <subfield code="a">Vol. 40 no. 2 (June 2008)</subfield>
   <subfield code="b">Οφειλόμενο</subfield>
   <subfield code="c">10/12/2009</subfield>
  </datafield>
  <datafield tag="900" ind1=" " ind2=" ">
   <subfield code="a">Vol. 40 no. 3 (September 2008)</subfield>
   <subfield code="b">Οφειλόμενο</subfield>
   <subfield code="c">10/12/2009</subfield>
  </datafield>
  <datafield tag="900" ind1=" " ind2=" ">
   <subfield code="a">Vol. 40 no. 4 (December 2008)</subfield>
   <subfield code="b">Οφειλόμενο</subfield>
   <subfield code="c">10/12/2009</subfield>
  </datafield>
  <datafield tag="950" ind1=" " ind2=" ">
   <subfield code="a">01/03/2003</subfield>
   <subfield code="c">SWETS INFORMATION SERVICES</subfield>
   <subfield code="d">8</subfield>
  </datafield>
  <datafield tag="951" ind1=" " ind2=" ">
   <subfield code="a">Vol. 45 no. 1 (March 2013) - Vol. 45 no. 4 (December 2013)</subfield>
   <subfield code="b">Main run</subfield>
  </datafield>
  <datafield tag="951" ind1=" " ind2=" ">
   <subfield code="a">Vol.34, no.1(March 2002) -  (vol.34, no.4(Dec. 2002)</subfield>
   <subfield code="b">Main run</subfield>
  </datafield>
  <datafield tag="951" ind1=" " ind2=" ">
   <subfield code="a">Vol.35, no.1(March 2003) -  (vol.35, no.4 (Dec. 2003)</subfield>
   <subfield code="b">Main run</subfield>
  </datafield>
  <datafield tag="951" ind1=" " ind2=" ">
   <subfield code="a">Vol. 36 no. 1 (March 2004) - Vol. 36 no. 4 (December 2004)</subfield>
   <subfield code="b">Main run</subfield>
  </datafield>
  <datafield tag="951" ind1=" " ind2=" ">
   <subfield code="a">Vol. 37 no. 1 (March 2005)</subfield>
   <subfield code="b">Main run</subfield>
  </datafield>
  <datafield tag="951" ind1=" " ind2=" ">
   <subfield code="a">Vol. 38 no. 1 (March 2006) - Vol. 38 no. 4 (December 2006)</subfield>
   <subfield code="b">Main run</subfield>
  </datafield>
  <datafield tag="951" ind1=" " ind2=" ">
   <subfield code="a">Vol. 39 no. 1 (March 2007) - Vol. 39 no. 4 (December 2007)</subfield>
   <subfield code="b">Main run</subfield>
  </datafield>
  <datafield tag="951" ind1=" " ind2=" ">
   <subfield code="a">Vol. 41 no. 1 (March 2009) - Vol. 44 no. 4 (December 2012)</subfield>
   <subfield code="b">Main run</subfield>
  </datafield>
 </record>
</collection>
